| 000 | 00000nam 2200000zi 4500 |
| 001 | 9.927489 |
| 003 | CaOODSP |
| 005 | 20250107144059 |
| 006 | m o d f |
| 007 | cr |n||||||||| |
| 008 | 230915s1981 oncd obs f000 0 eng d |
| 040 | |aCaOODSP|beng|erda|cCaOODSP |
| 043 | |an-cn---|an-us--- |
| 086 | 1 |aCW66-1223/1981E-PDF |
| 100 | 1 |aReed, Austin, |eauthor. |
| 245 | 10|aCharacteristics of the harvest of greater snow geese / |cAustin Reed, Hugh Boyd, Steve Wendt. |
| 264 | 1|a[Ottawa] : |b[Canadian Wildlife Service], |c[1981] |
| 300 | |a1 online resource (15 unnumbered pages) : |bgraphs |
| 336 | |atext|btxt|2rdacontent |
| 337 | |acomputer|bc|2rdamedia |
| 338 | |aonline resource|bcr|2rdacarrier |
| 500 | |aDigitized edition from print [produced by Environment and Climate Change Canada]. |
| 504 | |aIncludes bibliographical references. |
| 650 | 0|aGoose shooting|zUnited States|vStatistics. |
| 650 | 0|aGoose shooting|zCanada|vStatistics. |
| 650 | 0|aSnow goose|zUnited States|vStatistics. |
| 650 | 0|aSnow goose|zCanada|vStatistics. |
| 655 | 7|aStatistics|2lcgft |
| 710 | 2 |aCanadian Wildlife Service, |eissuing body. |
| 775 | 08|tCaractéristiques de la chasse à la grande oie blanche / |w(CaOODSP)9.926806 |
| 856 | 40|qPDF|s551 KB|uhttps://publications.gc.ca/collections/collection_2024/eccc/cw66/CW66-1223-1981-eng.pdf |